00822nam a2200217 a 450000100060000000300080000600500170001400800410003103500190007204000260009104100080011708200260012510000480015124501170019926000410031630000290035765000420038694200120042899900170044095201470045771111BD-RjUL20211209082058.0170326s1913 mdua 000 0 eng d a(BD-RjUL)71326 aDLCcNBuUdOCoLCbeng aeng 223a961.203bBEH 19131 aBeehler, William Henry,d1848-1915.921039214aThe history of the Italian-Turkish War : b September 29, 1911, to October 18, 1912 /cBy Commodore W.H. Beehler aU. S. :bWilliam H. Beehler ,cc1913 a118 p. :bill. ;c24 cm. 0aTurco-Italian War, 1911-1912.9210393 2ddccBK c71111d71111 00102ddc40718NFICaRUCLbRUCLcReadingd1966-10-06eA. T. Qualifier g14.40l0o961.203 BEH 1913r2017-04-26 00:00:00tC-1w2017-04-26yBK